Cultural Heritage of Gujarat/ (Record no. 209718)

MARC details
000 -LEADER
fixed length control field 00572nam a22001817a 4500
005 - DATE AND TIME OF LATEST TRANSACTION
control field 20250501113500.0
010 ## - LCCN (DPL NO)
LC control number ENG-144783
020 ## - INTERNATIONAL STANDARD BOOK NUMBER
International Standard Book Number 9789394120839
Terms of availability 450.00
035 ## - SYSTEM CONTROL NUMBER
System control number EN-128315
037 ## - SOURCE OF ACQUISITION
Source of stock number/acquisition Delivery Books Act Division
082 ## - DEWEY DECIMAL CLASSIFICATION NUMBER
Classification number 781.625443
100 ## - MAIN ENTRY--PERSONAL NAME
Personal name Gupta, Umang
245 ## - TITLE STATEMENT
Title Cultural Heritage of Gujarat/
Statement of responsibility, etc Umang Gupta
260 ## - PUBLICATION, DISTRIBUTION, ETC. (IMPRINT)
Name of publisher, distributor, etc Akanksha Prakashan
Date of publication, distribution, etc 2024
Place of publication, distribution, etc Delhi
270 ## - ADDRESS
Address F-15-A, Vijay Block, Vikas Marg Laxmi Nagar,
City Delhi
Postal code 110092
300 ## - PHYSICAL DESCRIPTION
Extent 128p.:
Dimensions 25cm(Hb)
Other physical details illus.
942 ## - ADDED ENTRY ELEMENTS (KOHA)
Source of classification or shelving scheme Dewey Decimal Classification
Item type Children Books
Classification part 781.625443
Call number suffix GUP
Holdings
Withdrawn status Lost status Not for loan Collection code Home library Current library Date acquired Source of acquisition Cost, normal purchase price Full call number Barcode Copy number Cost, replacement price Koha item type
      Non-fiction Patel Nagar Patel Nagar 01/05/2025 Delivery of Books Act Division 450.00 781.625443 GUP EN-128315 1 450.00 English Books

© Delhi Public Library
Hit Counter
free hit counter